Southville International School and Colleges
Your cart is empty.
  • Cart
  • Lists
    Public lists Eva Luna New books Lux_list list_1
    Your lists Log in to create your own lists
  • Log in to your account
  • Your cookies
  • Search history
Southville International School and Colleges
  • Advanced search
  • Recent comments
  • Most popular
  • Libraries

Log in to your account

Log in with GOOGLE


If you do not have an external account, but do have a local account, you can still log in:

  1. Home
  2. MARC view: A guide to medicinal plants :
Normal view MARC view ISBD view

A guide to medicinal plants : (Record no. 2929)

[ view plain ]
MARC details
000 -LEADER
fixed length control field 01465cam a22003977a 4500
001 - CONTROL NUMBER
control field 15904311
003 - CONTROL NUMBER IDENTIFIER
control field OSt
005 - DATE AND TIME OF LATEST TRANSACTION
control field 20140310181744.0
008 - FIXED-LENGTH DATA ELEMENTS--GENERAL INFORMATION
fixed length control field 090914s2009 njua b 001 0 eng c
010 ## - LIBRARY OF CONGRESS CONTROL NUMBER
LC control number 2009289908
016 7# - NATIONAL BIBLIOGRAPHIC AGENCY CONTROL NUMBER
Record control number 101506729
Source DNLM
020 ## - INTERNATIONAL STANDARD BOOK NUMBER
International Standard Book Number 9789814296045
035 ## - SYSTEM CONTROL NUMBER
System control number (OCoLC)ocn290460985
040 ## - CATALOGING SOURCE
Original cataloging agency NLM
Transcribing agency NLM
Modifying agency BTCTA
-- YDXCP
-- AGL
-- CDX
-- DLC
042 ## - AUTHENTICATION CODE
Authentication code pcc
043 ## - GEOGRAPHIC AREA CODE
Geographic area code a-si---
050 00 - LIBRARY OF CONGRESS CALL NUMBER
Classification number QK 99
Item number .K79 2010
082 00 - DEWEY DECIMAL CLASSIFICATION NUMBER
Classification number M 615.3
Item number K79 2010
100 1# - MAIN ENTRY--PERSONAL NAME
Personal name Koh, Hwee Ling.
245 12 - TITLE STATEMENT
Title A guide to medicinal plants :
Remainder of title an illustrated, scientific and medicinal approach /
Statement of responsibility, etc Koh, Hwee Ling; Chua, Tung Kian; Tan, Chay Hoon ; other contributors: Johannes Murti Jaya ... [et al.] ; photographers: Chua Tung Kian ... [et al.].
260 ## - PUBLICATION, DISTRIBUTION, ETC. (IMPRINT)
Place of publication, distribution, etc Singapore :
Name of publisher, distributor, etc World Scientific Publishing Co.,
Date of publication, distribution, etc c2010.
300 ## - PHYSICAL DESCRIPTION
Extent xi, 292 p. :
Other physical details ill. ;
Dimensions 23 cm.
504 ## - BIBLIOGRAPHY, ETC. NOTE
Bibliography, etc Includes bibliographical references (p. 172-247) and index.
521 ## - TARGET AUDIENCE NOTE
Target audience note
526 ## - STUDY PROGRAM INFORMATION NOTE
Reading level 1210L-1700L
541 ## - IMMEDIATE SOURCE OF ACQUISITION NOTE
-- 1
562 ## - COPY AND VERSION IDENTIFICATION NOTE
Number of copies 1
650 #0 - SUBJECT ADDED ENTRY--TOPICAL TERM
Topical term or geographic name as entry element Medicinal plants
Geographic subdivision Singapore
Form subdivision Identification.
650 12 - SUBJECT ADDED ENTRY--TOPICAL TERM
Topical term or geographic name as entry element Plants, Medicinal
Geographic subdivision Singapore.
700 1# - ADDED ENTRY--PERSONAL NAME
Personal name Chua, Tung Kian.
700 1# - ADDED ENTRY--PERSONAL NAME
Personal name Tan, Chay Hoon.
906 ## - LOCAL DATA ELEMENT F, LDF (RLIN)
a 7
b cbc
c pccadap
d 2
e ncip
f 20
g y-gencatlg
942 ## - ADDED ENTRY ELEMENTS (KOHA)
Source of classification or shelving scheme Library of Congress Classification
Koha item type Books
Call number prefix
Holdings
Withdrawn status Lost status Source of classification or shelving scheme Damaged status Home library Current library Shelving location Date acquired Total Checkouts Full call number Barcode Date last seen Copy number Price effective from Koha item type
    Library of Congress Classification   College Library College Library General Circulation Section 06/06/2013   QK 99 .K79 2010 C14527 05/15/2018 2 06/06/2013 Books

A guide to medicinal plants :

APA

Koh H. L., Chua T. K. & Tan C. H. (2010). A guide to medicinal plants. Singapore: World Scientific Publishing Co.

Chicago

Koh Hwee Ling, Chua Tung Kian and Tan Chay Hoon. 2010. A guide to medicinal plants. Singapore: World Scientific Publishing Co.

Harvard

Koh H. L., Chua T. K. and Tan C. H. (2010). A guide to medicinal plants. Singapore: World Scientific Publishing Co.

MLA

Koh Hwee Ling, Chua Tung Kian and Tan Chay Hoon. A guide to medicinal plants. Singapore: World Scientific Publishing Co. 2010.

  • Place hold
  • Print
  • Cite
  • Add to your cart (remove)
  • Save record
    BIBTEX Dublin Core MARCXML MARC (non-Unicode/MARC-8) MARC (Unicode/UTF-8) MARC (Unicode/UTF-8, Standard) MODS (XML) RIS
  • More searches
    Search for this title in:
    Other Libraries (WorldCat) Other Databases (Google Scholar) Online Stores (Bookfinder.com) Open Library (openlibrary.org)

Exporting to Dublin Core...

SOUTHVILLE LIBRARY

Southville International School and Colleges Library

1281 Tropical Ave. Cor. Luxembourg St., BF Homes International, Las Pinas City

Tel. No. 8256374 / 252358 Loc. 117/146

Powered by Koha